Všetky naše lode postúpili

Bibliographic Details
Main Author: Nejezchleb, Richard (Author)
Format: Article
Language:Slovak
Subjects:

MARC

LEADER 00000nab a2200000 a 4500
001 vtls000527081
003 SK-MaSNL
005 20260303010528.0
008 120928c1994 xo 0 slo
015 |a SNBRB19rr/mm-uuuuu 
035 |a CL0527219 
040 |a SNKBUCL  |b slo  |c SNKBUCL  |e AACR2 
041 0 |a slo 
044 |a xo  |c SK 
080 |a 797.122.3.093.1(100)  |2 1981 
100 1 |a Nejezchleb, Richard  |4 aut  |9 273882 
245 1 0 |a Všetky naše lode postúpili  |c Richard Nejezchleb 
650 0 7 |a kanoistika  |2 snkbucl  |9 3240 
655 7 |a články z novín a časopisov  |2 snkbucl  |9 267496 
773 0 |t Šport  |g Roč. 48, č. 219 (22. 9. 1994), s. 5 
850 |a Slovenská národná knižnica v Martine  |a MTA001 
852 |a SNK  |b KIS3GCP 
958 |a RK 
992 |a RBX 
999 |c 1587521  |d 1589451